000
00233 a2200097 4500
001
15207
100
_a
Taylor G.R
245
_a
Economics for the exasperated
260
_a
London
_b
John lane the bodley head
_c
090
_c
11945
_d
11945
942
_a
NUST-CAE
_c
M
_c
2164
999
_c
250280
_d
250280